Estatísticas para Países Produtores de Azeite de Oliva

Clique aqui para jogar o quiz

Estatísticas Gerais

  • Esse quiz foi jogado 2 881 vezes
    (2 384 desde o último reset)
  • A pontuação média é 14 de 20

Estatísticas das Respostas

ToneladasPaís% Correto
7,060Brasil
93%
109,000Portugal
93%
1,790,000Espanha
91%
278,000Itália
91%
16,000Estados Unidos
84%
27,500Argentina
81%
328,000Grécia
78%
28,800Egito
73%
16,700Israel
73%
174,000Marrocos
71%
21,900Chile
70%
154,000Turquia
70%
96,600Argélia
63%
17,300Líbia
60%
278,000Tunísia
60%
118,000Síria
55%
20,800Austrália
54%
19,300Líbano
54%
21,200Jordânia
51%
11,000Albânia
39%

Distribuição das Pontuações

Percentil de Números Respondidos

Porcentagem de Pessoas com Cada Pontuação

Sua Pontuação Histórica

Você não jogou esse quiz desde o último reset